Welcome to WEB OPAC of MRSPTU Central Library

Electrical power systems quality (Record no. 6273)

MARC details
000 -LEADER
fixed length control field 00486nam a2200181Ia 4500
008 - FIXED-LENGTH DATA ELEMENTS--GENERAL INFORMATION
fixed length control field 230711s9999||||xx |||||||||||||| ||und||
020 ## - INTERNATIONAL STANDARD BOOK NUMBER
International Standard Book Number 978-1-25-900557-2
041 ## - LANGUAGE CODE
Language code of text/sound track or separate title ENG
082 ## - DEWEY DECIMAL CLASSIFICATION NUMBER
Classification number 621.319
Item number DU-E
100 ## - MAIN ENTRY--PERSONAL NAME
Personal name Dugan,Roger C
245 #0 - TITLE STATEMENT
Title Electrical power systems quality
250 ## - EDITION STATEMENT
Edition statement 3rd Ed.
260 ## - PUBLICATION, DISTRIBUTION, ETC.
Date of publication, distribution, etc. 2012
Place of publication, distribution, etc. New Delhi
Name of publisher, distributor, etc. McGraw Hill Education(India) Private Limited
300 ## - PHYSICAL DESCRIPTION
Extent 558p.
650 ## - SUBJECT ADDED ENTRY--TOPICAL TERM
Topical term or geographic name entry element Electrical Engineering
700 ## - ADDED ENTRY--PERSONAL NAME
Personal name McGranagham,Mark F
942 ## - ADDED ENTRY ELEMENTS (KOHA)
Koha item type Book
Holdings
Withdrawn status Lost status Damaged status Not for loan Collection Home library Current library Date acquired Cost, normal purchase price Inventory number Total checkouts Full call number Barcode Date last seen Price effective from Koha item type Source of acquisition Date last checked out
          MRSPTU Central Library MRSPTU Central Library   565.00 KBD/2016-2017/961242808   621.319 DU-E 35537 08/17/2023 08/17/2023 Book    
          MRSPTU Central Library MRSPTU Central Library   799.00 TB47044713   621.3191 DU-E 41074 08/17/2023 08/17/2023 Book Technical Bureau India PVT.LTD  
          MRSPTU Central Library MRSPTU Central Library   799.00 TB47044713 1 621.3191 DU-E 41075 07/29/2024 08/17/2023 Book Technical Bureau India PVT.LTD 11/14/2023

Website Designed and Developed by MRSPTU Central Library Team

E-mail Id: librarian@mrsptu.ac.in